000 01555nam a2200241Ia 4500
003 OSt
005 20210909153740.0
008 210310t2000 ck ad fr 001 0 spa d
020 _a9584101013
040 _aCO-JMCR
_cCO-JMCR
041 0 _aspa
082 0 4 _a330.9861 /
_bA662e5
_223
100 1 _aArango Londoño, Gilberto,
_917581
_eautor
245 1 0 _aEstructura económica colombiana /
_cGilberto Arango Londoño
250 _aNovena edición
260 _aBogotá :
_bMcGrawHill,
_c©2000
300 _axii, 516 páginas :
_bilustraciones y gráficas a blanco y negro ;
_c23 cm.
500 _aIncluye índice analítico y notas a pie de página.
505 0 _aConceptos básicos -- Aspectos de la situación demográfica colombiana -- La estructura agraria -- La producción agropecuaria -- El café -- Recursos naturales: sector energético -- Recursos naturales: sector minero -- El sector manufacturero -- Sector de servicios: comercio, transportes y comunicaciones -- El comercio exterior y el régimen cambiario -- El arancel aduanero -- Deuda externa -- Las inversiones extranjeras en Colombia -- La integración económica -- El ahorro Nacional -- El sector financiero -- El Banco de la República -- El presupuesto nacional -- Inflación, salarios y control de precios -- Economía informal y subterránea -- El sector de la construcción -- El problema educacional -- La salud -- La planeación económica
651 4 _aColombia
_xCondiciones económicas
_97526
651 4 _aColombia
_xPolítica económica
_96872
942 _2ddc
_cBK
999 _c8544
_d8544